LEADER 01061cam0 2200301 450 001 000014024 005 20081230144238.0 010 $a1-85278-940-9 100 $a20080704d1995----km-y0itay50------ba 101 0 $aeng 102 $aGB 105 $aa-------011zy 200 1 $aMonetarism and the methodology of economics$eessays in honour of Thomas Mayer$fedited by Kevin D. Hoover, Steven M. Sheffrin 210 $aAldershot$cEdward Elgar$dc1995 215 $a276 p.$cgraf. e tab.$d23 cm 300 $aScritti di autori vari. 500 10$aMonetarism and the methodology of economics$936188 610 1 $aTeoria e politica monetaria e finanziaria interna 610 1 $aPolitica monetaria 676 $a332.401$v20$9Moneta. Teorie 700 1$aHoover,$bKevin D.$0125690 701 1$aSheffrin,$bSteven M.$0127008 702 1$aMayer,$bThomas$4420 801 0$aIT$bUNIPARTHENOPE$c20080704$gRICA$2UNIMARC 912 $a000014024 951 $a311/186$b7935$cNAVA2$d2008 996 $aMonetarism and the methodology of economics$936188 997 $aUNIPARTHENOPE LEADER 01451nam2 22002891i 450 001 UON00401919 005 20231205104700.618 100 $a20111205d1940 |0itac50 ba 101 $afre 102 $aRO 105 $a|||| 1|||| 200 1 $aHistoire des Roumains et de la Romanité Orientale$eVol. 5.: *Epoque des Braves$e(Problème de la Transylvanie au 16.e siècle)$fN. Iorga 210 $aBucarest$c[Monitorul Oficial si Imprimeriile Statului ; Imprimeria Nationala]$d1940 215 $a527 p., ill., tav.$d24 cm. 461 1$1001UON00401265$12001 $aHistoire des Roumains et de la Romanité Orientale$fN. Iorga$1210 $aBucarest$c[Imprimerie de l'Etat] [Monitorul Oficial - Imprimeria Nationala]$d1937-1945$1215 $a10 vv.$d24 cm.$v5. 606 $aRomania$xStoria$3UONC042197$2FI 620 $aRO$dBucure?ti$3UONL000071 676 $a949.8$cStoria della Romania$v21 700 1$aIORGA$bNicolae$3UONV018423$0210563 712 $aImprimeria Nationala$3UONV278755$4650 712 $aMonitorul Oficial si Imprimeriile Statului$3UONV251123$4650 801 $aIT$bSOL$c20250801$gRICA 899 $aSIBA - SISTEMA BIBLIOTECARIO DI ATENEO$2UONSI 912 $aUON00401919 950 $aSIBA - SISTEMA BIBLIOTECARIO DI ATENEO$dSI ONCIULESCU D 0331/5 $eSI EO 48072 7 0331/5 $sDeteriorato 996 $aHistoire des Roumains et de la Romanité Orientale$91184064 997 $aUNIOR